| 000 | 01540nam a2200253Ia 4500 | ||
|---|---|---|---|
| 003 | OSt | ||
| 005 | 20251205143225.0 | ||
| 008 | 210210b2013 xxu||||| |||| 00| 0 eng d | ||
| 020 | _a9383052538 | ||
| 040 | _cAL | ||
| 041 | _aKannada | ||
| 082 | _a925K MADK | ||
| 100 |
_aMadhyasta G K _9244692 |
||
| 110 |
_aಮಧ್ಯಸ್ಥ ಜಿ ಕೆ _9247879 |
||
| 245 |
_aKalam nimagido salam _b: ಕಲಾಂ ನಿಮಗಿದೋ ಸಲಾಂ |
||
| 260 |
_aBengaluru _bVasanta Prakashana _c2013 |
||
| 300 | _aviii,192 | ||
| 520 | _a‘ಕಲಾಂ ನಿಮಗಿದೋ ಸಲಾಂ’ ರಾಮೇಶ್ವರದ ಸಾಮಾನ್ಯ ಹುಡುಗ ರಾಷ್ಟ್ರಪತಿಯಾದ ಕತೆ. ಈ ಕೃತಿಯನ್ನು ಪತ್ರಕರ್ತ, ಲೇಖಕ ಜಿ.ಕೆ. ಮಧ್ಯಸ್ಥ (ಗೋಪಾಲಕೃಷ್ಣ ಮಧ್ಯಸ್ಥ) ರಚಿಸಿದ್ದಾರೆ. ಭಾರತರತ್ನ ಡಾ. ಅಬ್ದುಲ್ ಕಲಾಂ ಅವರ ಜೀವನ ಕತೆಯನ್ನು ಒಳಗೊಂಡಿರುವ ಈ ಕೃತಿಯಲ್ಲಿ ಕಲಾಂ ಓರ್ವ ಶ್ರೇಷ್ಠ ವಿಜ್ಞಾನಿಯಾಗಿ, ತದನಂತರ ದೇಶದ ರಾಷ್ಟ್ರಪತಿಯಾಗಿ ಬೆಳೆದ ಸಾಧನಾತ್ಮಕ ಬದುಕಿನ ವಿವರಗಳಿವೆ. | ||
| 690 |
_aBiography _9244701 |
||
| 700 |
_aMadhyasta, Gopalakrishna _9247880 |
||
| 710 |
_aಮಧ್ಯಸ್ಥ , ಗೋಪಾಲಕೃಷ್ಣ _9247881 |
||
| 906 | _a069809 | ||
| 942 |
_2ddc _cBK |
||
| 999 |
_c119366 _d119366 |
||